Normal view
MARC view
Entry Personal Name
001 - CONTROL NUMBER
- control field: 36333
003 - CONTROL NUMBER IDENTIFIER
- control field: OSt
005 - DATE AND TIME OF LATEST TRANSACTION
- control field: 20211105135842.0
008 - FIXED-LENGTH DATA ELEMENTS
- fixed length control field: 211105|| aca||aabn | a|a d
040 ## - CATALOGING SOURCE
- Original cataloging agency: OSt
- Transcribing agency: OSt
100 ## - HEADING--PERSONAL NAME
- Personal name: Sampoorna, M., ed
670 ## - SOURCE DATA FOUND
- Source citation: Work cat.: (OSt): Workshop on Solar Polarization 7th Kunming, China 2013 36331, Solar polarization 7, 2014